|
|
|
|
| LEADER |
00000cam a2200000 7i4500 |
| 001 |
0000002979 |
| 002 |
000003224 |
| 005 |
20000330.0 |
| 020 |
|
|
|a 983623392X
|
| 090 |
0 |
0 |
|a 809.819382
|b MUH
|
| 100 |
0 |
|
|a Muhammad Bukhari Lubis
|
| 245 |
1 |
4 |
|a The Ocean of unity :
|b wahdat al-wujud in Persian,Turkish and Malay poetry
|c Muhammad Bukhari Lubis with a foreword by Hamid Algar
|
| 260 |
|
|
|a Kuala Lumpur :
|b DBP ,
|c 1993
|
| 300 |
|
|
|a 376 p. ;
|c 22 cm.
|
| 650 |
0 |
0 |
|a Poets
|x Islamic countries
|
| 650 |
0 |
0 |
|a Sufi poetry
|x History and criticism
|
| 999 |
|
|
|a 036534
|b BUKU
|c PINJAMAN
|e PERPUSTAKAAN KOMUNITI PETALING JAYA
|